<?xml version="1.0" encoding="UTF-8"?>
<record
    xmlns:xsi="http://www.w3.org/2001/XMLSchema-instance"
    xsi:schemaLocation="http://www.loc.gov/MARC21/slim http://www.loc.gov/standards/marcxml/schema/MARC21slim.xsd"
    xmlns="http://www.loc.gov/MARC21/slim">

  <leader>00750nam a22002417a 4500</leader>
  <controlfield tag="001">57783</controlfield>
  <controlfield tag="005">20260513144130.0</controlfield>
  <controlfield tag="008">260427s2025 bg        |||||||| |||| 00| 0 eng d</controlfield>
  <datafield tag="020" ind1=" " ind2=" ">
    <subfield code="a">9789843350619</subfield>
  </datafield>
  <datafield tag="040" ind1=" " ind2=" ">
    <subfield code="a">BD-DhIUB</subfield>
    <subfield code="c">BD-DhIUB</subfield>
    <subfield code="d">BD-DhIUB</subfield>
  </datafield>
  <datafield tag="082" ind1=" " ind2=" ">
    <subfield code="2">22</subfield>
    <subfield code="a">340.59</subfield>
    <subfield code="b">F247i</subfield>
  </datafield>
  <datafield tag="100" ind1=" " ind2=" ">
    <subfield code="a">Faruque, Abdullah Al</subfield>
    <subfield code="9">6893</subfield>
  </datafield>
  <datafield tag="245" ind1=" " ind2=" ">
    <subfield code="a">International Human Rights Law:</subfield>
    <subfield code="b">protection mechanism and contemporary issues/</subfield>
    <subfield code="c">Abdullah Al Faruque.</subfield>
  </datafield>
  <datafield tag="250" ind1=" " ind2=" ">
    <subfield code="a">3rd ed.</subfield>
  </datafield>
  <datafield tag="260" ind1=" " ind2=" ">
    <subfield code="a">Dhaka:</subfield>
    <subfield code="b">New Warsi Book Corporation,</subfield>
    <subfield code="c">2025</subfield>
  </datafield>
  <datafield tag="300" ind1=" " ind2=" ">
    <subfield code="a">xii,611p;.</subfield>
    <subfield code="c">24cm</subfield>
  </datafield>
  <datafield tag="526" ind1=" " ind2=" ">
    <subfield code="a">SL</subfield>
    <subfield code="b">law</subfield>
    <subfield code="l">Law</subfield>
  </datafield>
  <datafield tag="541" ind1=" " ind2=" ">
    <subfield code="a">Karim</subfield>
  </datafield>
  <datafield tag="650" ind1=" " ind2="0">
    <subfield code="a">Human rights.</subfield>
    <subfield code="9">3914</subfield>
  </datafield>
  <datafield tag="650" ind1=" " ind2="0">
    <subfield code="a">International law and human rights.</subfield>
    <subfield code="9">3915</subfield>
  </datafield>
  <datafield tag="650" ind1=" " ind2="0">
    <subfield code="a">Civil rights</subfield>
    <subfield code="9">7164</subfield>
  </datafield>
  <datafield tag="942" ind1=" " ind2=" ">
    <subfield code="2">ddc</subfield>
    <subfield code="c">BK</subfield>
  </datafield>
  <datafield tag="999" ind1=" " ind2=" ">
    <subfield code="c">57783</subfield>
    <subfield code="d">57957</subfield>
  </datafield>
  <datafield tag="952" ind1=" " ind2=" ">
    <subfield code="0">0</subfield>
    <subfield code="1">0</subfield>
    <subfield code="2">ddc</subfield>
    <subfield code="4">0</subfield>
    <subfield code="7">1</subfield>
    <subfield code="a">IUBL</subfield>
    <subfield code="b">IUBL</subfield>
    <subfield code="c">Law</subfield>
    <subfield code="d">2026-04-05</subfield>
    <subfield code="e">PURCHASE</subfield>
    <subfield code="g">820.00</subfield>
    <subfield code="h">2025</subfield>
    <subfield code="l">0</subfield>
    <subfield code="o">340.59 F247i</subfield>
    <subfield code="p">029634</subfield>
    <subfield code="r">2026-04-27 14:12:54</subfield>
    <subfield code="t">01</subfield>
    <subfield code="v">1640.00</subfield>
    <subfield code="w">2026-04-04</subfield>
    <subfield code="y">BK</subfield>
  </datafield>
  <datafield tag="952" ind1=" " ind2=" ">
    <subfield code="0">0</subfield>
    <subfield code="1">0</subfield>
    <subfield code="2">ddc</subfield>
    <subfield code="4">0</subfield>
    <subfield code="7">1</subfield>
    <subfield code="a">IUBL</subfield>
    <subfield code="b">IUBL</subfield>
    <subfield code="c">Law</subfield>
    <subfield code="d">2026-04-05</subfield>
    <subfield code="e">PURCHASE</subfield>
    <subfield code="g">820.00</subfield>
    <subfield code="h">2025</subfield>
    <subfield code="l">0</subfield>
    <subfield code="o">340.59 F247i</subfield>
    <subfield code="p">029635</subfield>
    <subfield code="r">2026-04-27 14:12:00</subfield>
    <subfield code="t">02</subfield>
    <subfield code="v">1640.00</subfield>
    <subfield code="w">2026-04-04</subfield>
    <subfield code="y">BK</subfield>
  </datafield>
</record>
